[Event "OP-2018-0-04557"]
[Site "LSS email"]
[Date "2018.03.26"]
[Round "?"]
[White "Prokopets, Vasilij"]
[Black "Taylor, Bob"]
[Result "0-1"]
[WhiteElo "1344"]
[BlackElo "2131"]
[PlyCount "48"]
[EventDate "2018.03.18"]
[EventType "tourn (corr)"]
[EventRounds "4"]
[EventCountry "GER"]
[SourceTitle "Corr 2022"]
[Source "ChessBase"]
[SourceDate "2021.10.24"]
[SourceVersion "1"]
[SourceVersionDate "2021.10.24"]
[SourceQuality "1"]

1. e4 c5 2. c3 Nf6 3. e5 Nd5 4. d4 cxd4 5. Nf3 Nc6 6. cxd4 d6 7. Bc4 Nb6 8. Bxf7+ Kxf7 9. e6+ Kg8 10. Ng5 Nd5 11. Nc3 Qa5 12. Qd3 Nf6 13. 0-0 h6 14. Qg6 hxg5 15. Qf7+ Kh7 16. Ne4 Nd8 17. Nxf6+ exf6 18. e7 Nxf7 19. e8Q Qd5 20. Re1 Nh6 21. f4 b6 22. fxg5 Bb7 23. g6+ Kg8 24. Qe2 Re8 0-1

[Event "OP-2018-0-04557"]
[Site "LSS email"]
[Date "2018.03.26"]
[Round "?"]
[White "Taylor, Bob"]
[Black "Schulz, Rene"]
[Result "0-1"]
[WhiteElo "2131"]
[BlackElo "2131"]
[PlyCount "74"]
[EventDate "2018.03.18"]
[EventType "tourn (corr)"]
[EventRounds "4"]
[EventCountry "GER"]
[SourceTitle "Corr 2022"]
[Source "ChessBase"]
[SourceDate "2021.10.24"]
[SourceVersion "1"]
[SourceVersionDate "2021.10.24"]
[SourceQuality "1"]

1. Nf3 Nf6 2. c4 e6 3. Nc3 d5 4. d4 Be7 5. Bf4 0-0 6. e3 Nbd7 7. c5 Nh5 8. Bd3 Nxf4 9. exf4 b6 10. b4 a5 11. a3 c6 12. 0-0 Qc7 13. g3 Ba6 14. Re1 Bxd3 15. Qxd3 Bf6 16. Reb1 Qa7 17. Kg2 Rfb8 18. Ne2 h6 19. Qc2 g6 20. Qd3 Bg7 21. Qd1 Rb7 22. Qe1 Rab8 23. cxb6 Qxb6 24. bxa5 Qxb1 25. Rxb1 Rxb1 26. Qc3 c5 27. a6 R1b6 28. a7 Ra8 29. h4 Rxa7 30. h5 gxh5 31. f5 c4 32. Qc2 e5 33. Nxe5 Nxe5 34. dxe5 Bxe5 35. Qc1 Re7 36. Qe3 Rd6 37. Nd4 Kh7 0-1